000 00453nam a22001697a 4500
003 MPLRDC
005 20220104123744.0
008 210129b ||||| |||| 00| 0 eng d
082 _a413.1 ZGRM
100 _a中国人民解放军武汉部队后勤部卫生部编
245 _a简明中医学
_c
250 _a一版三刷
260 _a
_b湖北人民出版社
_c1977
300 _b
650 _a医学; 中医理论
942 _cBK
_o413.1 ZGRM
999 _c13942
_d13932